Municipalities in Bosnia and Herzegovina - Statistics

General Stats
  • This quiz has been taken 6,273 times
  • The average score is 71 of 142
Answers on the Map
Answers color-coded by a green-red scale on the quiz's map according to % correct below.
 
Answer Stats
Canton/Region/District Municipality % Correct
Region Banja Luka Banja Luka
90%
Canton 7: Herzegovina-Neretva Mostar
90%
Canton 1: Una-Sana Bihać
85%
Canton 3: Tuzla Tuzla
85%
Brčko District Brčko
83%
Canton 4: Zenica-Doboj Zenica
82%
Region Doboj Doboj
81%
Region Trebinje Trebinje
81%
Canton 7: Herzegovina-Neretva Neum
80%
Region Bijeljina Bijeljina
79%
Region Bijeljina Srebrenica
77%
Region Prijedor Prijedor
76%
Canton 1: Una-Sana Cazin
75%
Canton 10 Livno
75%
Region Trebinje Foča
71%
Canton 6: Central Bosnia Travnik
71%
Canton 6: Central Bosnia Jajce
69%
Region Prijedor Novi Grad
69%
Canton 10 Tomislavgrad
68%
Region Bijeljina Zvornik
68%
Canton 9: Sarajevo Ilidža
67%
Canton 9: Sarajevo Novi Grad
67%
Canton 1: Una-Sana Velika Kladuša
67%
Canton 7: Herzegovina-Neretva Konjic
66%
Canton 1: Una-Sana Sanski Most
65%
Region Istočno Sarajevo Višegrad
65%
Canton 5: Bosnian-Podrinje Goražde
64%
Canton 1: Una-Sana Ključ
62%
Region Istočno Sarajevo Pale
62%
Region Doboj Brod
61%
Region Banja Luka Gradiška
61%
Canton 1: Una-Sana Bosanska Krupa
60%
Canton 6: Central Bosnia Bugojno
59%
Canton 10 Drvar
59%
Canton 7: Herzegovina-Neretva Jablanica
59%
Canton 8: West Herzegovina Široki Brijeg
59%
Region Banja Luka Mrkonjić Grad
58%
Canton 4: Zenica-Doboj Visoko
58%
Region Doboj Derventa
56%
Canton 6: Central Bosnia Donji Vakuf
56%
Canton 2: Posavina Orašje
56%
Canton 9: Sarajevo Stari Grad
56%
Canton 6: Central Bosnia Vitez
56%
Canton 10 Bosansko Grahovo
55%
Canton 7: Herzegovina-Neretva Čapljina
55%
Canton 6: Central Bosnia Gornji Vakuf-Uskoplje
55%
Canton 6: Central Bosnia Kiseljak
54%
Canton 10 | Region Banja Luka Kupres
54%
Region Trebinje Nevesinje
54%
Region Banja Luka Prnjavor
54%
Canton 7: Herzegovina-Neretva Stolac
54%
Region Trebinje Bileća
53%
Region Trebinje Gacko
53%
Canton 4: Zenica-Doboj Kakanj
53%
Region Doboj Modriča
53%
Canton 3: Tuzla Srebrenik
53%
Region Doboj Teslić
53%
Region Banja Luka Laktaši
52%
Canton 6: Central Bosnia Novi Travnik
52%
Canton 2: Posavina Odžak
52%
Canton 3: Tuzla Gradačac
51%
Canton 4: Zenica-Doboj Tešanj
51%
Region Bijeljina Bratunac
50%
Canton 1: Una-Sana Bužim
50%
Canton 10 Glamoč
50%
Canton 3: Tuzla Gračanica
50%
Canton 7: Herzegovina-Neretva Prozor-Rama
50%
Region Istočno Sarajevo Rogatica
50%
Canton 9: Sarajevo Vogošća
50%
Canton 3: Tuzla Kalesija
49%
Canton 9: Sarajevo Novo Sarajevo
49%
Canton 8: West Herzegovina Posušje
49%
Region Doboj Šamac
49%
Canton 1: Una-Sana Bosanski Petrovac
48%
Canton 9: Sarajevo Centar
48%
Region Trebinje Istočni Mostar
48%
Canton 8: West Herzegovina Ljubuški
48%
Canton 4: Zenica-Doboj Maglaj
48%
Region Prijedor Kozarska Dubica
47%
Canton 7: Herzegovina-Neretva Ravno
47%
Region Bijeljina Vlasenica
47%
Canton 9: Sarajevo Hadžići
46%
Canton 4: Zenica-Doboj Olovo
46%
Region Banja Luka Šipovo
46%
Canton 4: Zenica-Doboj Zavidovići
46%
Canton 3: Tuzla Živinice
46%
Region Banja Luka Petrovac
45%
Region Banja Luka Srbac
45%
Canton 3: Tuzla Doboj Istok
44%
Canton 9: Sarajevo Ilijaš
44%
Canton 4: Zenica-Doboj Žepče
44%
Canton 6: Central Bosnia Fojnica
43%
Region Banja Luka Kotor Varoš
43%
Region Istočno Sarajevo Rudo
43%
Region Istočno Sarajevo Sokolac
43%
Region Trebinje Ljubinje
42%
Canton 9: Sarajevo | Region Istočno Sarajevo Trnovo
42%
Canton 4: Zenica-Doboj Doboj Jug
41%
Canton 8: West Herzegovina Grude
41%
Region Prijedor Kostajnica
41%
Region Trebinje Čajniče
40%
Canton 7: Herzegovina-Neretva Čitluk
40%
Canton 3: Tuzla Lukavac
40%
Region Istočno Sarajevo Han Pijesak
38%
Region Istočno Sarajevo Istočna Ilidža
37%
Region Istočno Sarajevo Istočno Novo Sarajevo
37%
Region Trebinje Kalinovik
37%
Canton 3: Tuzla Kladanj
37%
Canton 3: Tuzla Banovići
36%
Region Banja Luka Istočni Drvar
36%
Region Bijeljina Ugljevik
36%
Region Banja Luka Kneževo
35%
Region Prijedor Oštra Luka
35%
Canton 4: Zenica-Doboj Vareš
35%
Region Trebinje Novo Goražde
34%
Canton 6: Central Bosnia Busovača
33%
Region Istočno Sarajevo Istočni Stari Grad
33%
Region Banja Luka Jezero
33%
Region Banja Luka Čelinac
32%
Region Prijedor Krupa na Uni
32%
Region Bijeljina Lopare
32%
Region Bijeljina Milići
32%
Canton 3: Tuzla Sapna
31%
Canton 4: Zenica-Doboj Usora
31%
Region Trebinje Berkovići
30%
Canton 4: Zenica-Doboj Breza
30%
Canton 5: Bosnian-Podrinje Foča-Ustikolina
30%
Region Banja Luka Ribnik
29%
Canton 3: Tuzla Teočak
29%
Canton 2: Posavina Domaljevac-Šamac
28%
Canton 6: Central Bosnia Kreševo
28%
Region Doboj Petrovo
26%
Canton 3: Tuzla Čelić
25%
Canton 6: Central Bosnia Dobretići
25%
Canton 5: Bosnian-Podrinje Pale-Prača
25%
Region Bijeljina Šekovići
25%
Region Doboj Vukosavlje
24%
Region Doboj Pelagićevo
22%
Region Bijeljina Osmaci
21%
Region Doboj Donji Žabar
19%
No matching quizzes found
Score Distribution
Percent of People with Each Score
Percentile by Number Answered
Your Score History
You have not taken this quiz